000 01025nam0a22003011 4500
001 RU\NLR\INFOCOMM_161\5000048897
005 20250613091953.0
035 _a(NLR Aleph) 009138128
090 _a8318992
_c8318992
100 _a20090919d1978 |||y0rusy50 ca
101 0 _aeng
_drus
102 _aRU
105 _aa ||||000|y
200 1 _aˆThe ‰Bohr-Sommerfeld quantization of n-dimensional neutral and charged pulsons
_fI. L. Bogolubsky
210 _aДубна
_cОИЯИ
_d1978
215 _a17 с.
_cграф.
_d21 см
225 1 _aˆ[‰Издания]
_fОбъд. ин-т ядер. исслед.
_vЕ2-11628
300 _aРез. на рус. яз.
320 _aБиблиогр.: с. 16-17
606 _aПульсоны
_xКвантование
_2nlr_sh1
686 _aВ315.21
_2rubbk
700 1 _9z02790
_aBogoljubskij
_bI. L.
_gIgor' L'vovič
_4070
790 1 _9z02700
_aBogolubsky
_bI. L.
_4070
801 1 _aRU
_bNLR
_c20090919
801 0 _aRU
_bNLR
_gPSBO
852 _aNLR
_jП11/2061
942 _cBOOK
980 _aNB